Étude du style dans les exposés oraux des guides touristiques Vietnamiens de langue Francaise : Mémoire de master en sciences de l'éducation : Spécialité: Didactique et méthodologie du francais langue étranger

Notre mesmoire comprendra trois chapitres. Le premier chapitre ét consacré au rappel des éléments théoriques indispensables à notre recherche. Dans le deuxième chapitre sera présentée la mesthodologie que nous utilisons pour mener notre recherche. Le troisième chapitre est destiné à pré...

Descrizione completa

Salvato in:
Dettagli Bibliografici
Autore principale: Bùi, Thị Yến Ngọc
Natura: Libro
Lingua:Undetermined
Pubblicazione: Cần Thơ Trường Đại học Cần Thơ 2017
Soggetti:
Tags: Aggiungi Tag
Nessun Tag, puoi essere il primo ad aggiungerne! !
Thư viện lưu trữ: Trung tâm Học liệu Trường Đại học Cần Thơ
LEADER 01234nam a2200217Ia 4500
001 CTU_225542
008 210402s9999 xx 000 0 und d
082 |a 448.007 
082 |b Ng419 
100 |a Bùi, Thị Yến Ngọc 
245 0 |a Étude du style dans les exposés oraux des guides touristiques Vietnamiens de langue Francaise : 
245 0 |b Mémoire de master en sciences de l'éducation : Spécialité: Didactique et méthodologie du francais langue étranger 
245 0 |c Bùi Thị Yến Ngọc ; Võ Văn Chương (Cán bộ hướng dẫn) 
260 |a Cần Thơ 
260 |b Trường Đại học Cần Thơ 
260 |c 2017 
520 |a Notre mesmoire comprendra trois chapitres. Le premier chapitre ét consacré au rappel des éléments théoriques indispensables à notre recherche. Dans le deuxième chapitre sera présentée la mesthodologie que nous utilisons pour mener notre recherche. Le troisième chapitre est destiné à présenter les résultats de la recherche. 
650 |a French language,Tiếng Pháp 
650 |x Study and teaching,Dạy và học 
910 |b nthai 
980 |a Trung tâm Học liệu Trường Đại học Cần Thơ